000 00733nam a2200265 i 4500
999 _c58689
_d58689
001 C2-0244469
003 PPAK
005 20190313093115.0
008 021228s2002 my |||| ||||| | may d
020 _a9832316782
040 _aPPAK
_beng
_cPPAK
_erda
082 0 4 _a899.233
_223
090 0 0 _a899.233
_bSYE
_dK
100 0 _aSyed Mahadzir Syed Ibrahim,
_eauthor
245 1 0 _aDialun samudera
264 1 _aSeri Kembangan, Selangor :
_bPenerbitan PCT ,
_c2002
300 _a128 pages ;
_c19 cm
336 _2rdacontent
_atext
337 _2rdamedia
_aunmediated
338 _2rdacarrier
_avolume
490 1 _aSiri remaja wawasan
650 1 0 _aChildren's stories, Malay
830 0 _aSiri remaja wawasan
942 _cB
_2ddc